000 01040cam a2200325 a 4500
001 21362
003 BD-RjUL
005 20211209000657.0
008 140303r19941969enk b 001 1 eng
020 _a0333012100
020 _z0333149291
020 _a0333049292
035 _a(BD-RjUL)21426
035 _a(OCoLC)559601975
040 _aDLC
_cDLC
_dm.c
_dEQO
_dBD-RjUL
_beng
041 _aeng
082 _a823.912
_bDHL 1994
245 0 0 _aD.H. Lawrence, The rainbow and Women in love :
_ba casebook /
_cedited by Colin Clarke.
246 3 _aRainbow and Women in love: a casebook
260 _aLondon :
_bMacmillan,
_cc1969 [Reprinted 1994].
300 _a243 p. ;
_c21 cm
504 _aBibliography: p. [235]-236, and index.
600 1 0 _aLawrence, D. H.
_q(David Herbert),
_d1885-1930.
_967152
600 1 0 _aLawrence, D. H.
_q(David Herbert),
_d1885-1930.
_967153
700 1 _aClarke, Colin
_q(Colin C.)
_956947
830 0 _aCasebook series
_967154
942 _2ddc
_cBK
999 _c21362
_d21362